000 01550nam a2200241Ia 4500
003 Ost
005 20260416102400.0
008 260416s9999||||xx |||||||||||||| ||und||
040 _cfsecg
041 _aara
082 _a658.80183
100 _aلسود، راضية
_eمؤلف
245 0 _aمحاضرات في مقياس نظم المعلومات التسويقية /
_c راضية لسود
260 _aالجزائر
_bجامعة الجزائر3: كلية العلوم الإقتصادية، العلوم التجارية وعلوم التسيير
_c2022
300 _a120 ورقة
_bايضاحات
_c12 سم
504 _aمراجع ص.108
520 _aالاطار امفاهيمي لنظم المعلومات ، مدخل لنظم المعلومات التسويقية، خطوات بناء نظم المعلومات التسويقية،عناصر و مكونات نظم المعلومات التسويقية، دور نظم المعلومات التسويقية في صنع القرارات التسويقية و في صنع قرارات المزيج التسويقي ، نظام دعم القرارات التسويقية، تطبيقات نظم المعلومات التسويقية .
653 _aالتسويق
653 _aالتسويق-خدمات المعلومات
653 _aنظم المعلومات- المؤسسة الممتدة
710 _aجامعة الجزائر3: كلية العلوم الإقتصادية، العلوم التجارية وعلوم التسيير
_eناشر علمي
942 _cHANDOUT
999 _c41370
_d41370